[Event "POL-ch qual U15"]
[Site "Lublin"]
[Date "2010.09.26"]
[Round "9.3"]
[White "Gora, Jan"]
[Black "Madej, Pawel"]
[Result "1/2-1/2"]
[WhiteElo "1907"]
[BlackElo "1680"]
[PlyCount "72"]
[EventDate "2010.09.22"]
[EventType "swiss"]
[EventRounds "9"]
[EventCountry "POL"]
[SourceTitle "EXT 2023"]
[Source "ChessBase"]
[SourceDate "2022.10.05"]
[SourceVersion "1"]
[SourceVersionDate "2022.10.05"]
[SourceQuality "1"]

1. e4 c6 2. c4 d5 3. cxd5 cxd5 4. exd5 Nf6 5. Qa4+ Bd7 6. Qb3 Qc7 7. Nc3 g6 8. Nge2 Bg7 9. d4 0-0 10. Bf4 Qb6 11. Qxb6 axb6 12. Ng3 Na6 13. Bc4 Rac8 14. Bb3 Nb4 15. Kd2 Bf5 16. Nxf5 gxf5 17. a3 Na6 18. f3 Nc7 19. Rhe1 Rfd8 20. d6 exd6 21. Re7 Rd7 22. Bxf7+ Kf8 23. Rxd7 Nxd7 24. Bb3 Bxd4 25. Bxd6+ Kg7 26. Bxc7 Rxc7 27. Nb5 Bxb2 28. Nxc7 Bxa1 29. Bd5 Nc5 30. Ne8+ Kg6 31. Nd6 Be5 32. Nc4 Bxh2 33. Nxb6 Be5 34. a4 Bc7 35. a5 Bxb6 36. axb6 Na4 1/2-1/2

[Event "Augustow qual zone MPJ+OOM U13"]
[Site "Augustow"]
[Date "2009.10.06"]
[Round "4.2"]
[White "Siedlanowski, Lukasz"]
[Black "Madej, Pawel"]
[Result "1-0"]
[WhiteElo "1687"]
[BlackElo "1658"]
[PlyCount "31"]
[EventDate "2009.10.04"]
[EventType "swiss"]
[EventRounds "9"]
[EventCountry "POL"]
[SourceTitle "EXT 2023"]
[Source "ChessBase"]
[SourceDate "2022.10.05"]
[SourceVersion "1"]
[SourceVersionDate "2022.10.05"]
[SourceQuality "1"]

1. e4 c6 2. d4 d5 3. e5 Bf5 4. Nc3 e6 5. g4 Bg6 6. Nge2 c5 7. h4 Nc6 8. h5 Be4 9. Nxe4 dxe4 10. c3 cxd4 11. cxd4 Bb4+ 12. Bd2 Nxd4 13. Nxd4 Qxd4 14. Qa4+ Kd8 15. Bxb4 Kc8 16. Rc1+ 1-0

[Event "Rewal op-B 14th"]
[Site "Rewal"]
[Date "2009.08.29"]
[Round "9"]
[White "Swiech, Piotr"]
[Black "Madej, Pawel"]
[Result "1-0"]
[WhiteElo "1988"]
[BlackElo "1655"]
[PlyCount "77"]
[EventDate "2009.08.20"]
[EventType "swiss"]
[EventRounds "9"]
[EventCountry "POL"]
[SourceTitle "EXT 2011"]
[Source "ChessBase"]
[SourceDate "2010.11.26"]
[SourceVersion "1"]
[SourceVersionDate "2010.11.26"]
[SourceQuality "1"]

1. d4 f5 2. c4 Nf6 3. Nc3 g6 4. Bg5 Bg7 5. e3 0-0 6. Nf3 d6 7. h3 c6 8. Be2 Na6 9. 0-0 Bd7 10. Qb3 Qc8 11. Bf4 Nc7 12. Qa3 Ne6 13. Bh2 c5 14. d5 Nd8 15. Rac1 Nf7 16. b4 b6 17. bxc5 bxc5 18. Rb1 g5 19. Rb3 g4 20. hxg4 fxg4 21. Nd2 Qc7 22. Rfb1 Rab8 23. Nb5 Bxb5 24. Rxb5 Rxb5 25. Rxb5 h5 26. Bd3 h4 27. Bb1 Rb8 28. Rxb8+ Qxb8 29. Qd3 Qb2 30. Nf1 Qc1 31. Bf4 Ne5 32. Bxe5 dxe5 33. Qf5 Qxc4 34. Qe6+ Kh8 35. Qc8+ Ng8 36. Bf5 Bf8 37. Qxf8 Qxd5 38. Qc8 Qf7 39. Bxg4 1-0

[Event "Rewal op-B 14th"]
[Site "Rewal"]
[Date "2009.08.27"]
[Round "7"]
[White "Zadlo, Anna"]
[Black "Madej, Pawel"]
[Result "1/2-1/2"]
[WhiteElo "1803"]
[BlackElo "1655"]
[PlyCount "23"]
[EventDate "2009.08.20"]
[EventType "swiss"]
[EventRounds "9"]
[EventCountry "POL"]
[SourceTitle "EXT 2011"]
[Source "ChessBase"]
[SourceDate "2010.11.26"]
[SourceVersion "1"]
[SourceVersionDate "2010.11.26"]
[SourceQuality "1"]

1. e4 c6 2. d4 d5 3. exd5 cxd5 4. Bd3 Nc6 5. c3 Nf6 6. h3 e5 7. dxe5 Nxe5 8. Qe2 Qe7 9. Bb5+ Bd7 10. Bxd7+ Nfxd7 11. Nd2 g6 12. Ngf3 1/2-1/2

[Event "Rewal op-B 14th"]
[Site "Rewal"]
[Date "2009.08.26"]
[Round "6"]
[White "Madej, Pawel"]
[Black "Mostowski, Boguslaw"]
[Result "1/2-1/2"]
[WhiteElo "1655"]
[BlackElo "1812"]
[PlyCount "93"]
[EventDate "2009.08.20"]
[EventType "swiss"]
[EventRounds "9"]
[EventCountry "POL"]
[SourceTitle "EXT 2011"]
[Source "ChessBase"]
[SourceDate "2010.11.26"]
[SourceVersion "1"]
[SourceVersionDate "2010.11.26"]
[SourceQuality "1"]

1. e4 c5 2. Nc3 Nc6 3. g3 g6 4. Bg2 Bg7 5. d3 d6 6. Nge2 e6 7. Be3 Nd4 8. 0-0 Ne7 9. Qd2 Nec6 10. Nd1 Nxe2+ 11. Qxe2 0-0 12. f4 Bd7 13. c3 Qe7 14. Nf2 e5 15. Rae1 Be6 16. a3 Qd7 17. Qd2 Rad8 18. Bf3 b6 19. c4 exf4 20. Bxf4 Nd4 21. Bg2 a5 22. Bh6 Rfe8 23. Bxg7 Kxg7 24. e5 dxe5 25. Rxe5 Bxc4 26. Rxe8 Rxe8 27. Kh1 Re2 28. Qf4 Bd5 29. Be4 Qe6 30. Bxd5 Qxd5+ 31. Ne4 Qf5 32. Qc1 Nf3 33. Qc3+ f6 34. Nf2 Nxh2 35. Kxh2 Rxf2+ 36. Rxf2 Qxf2+ 37. Kh3 Qd4 38. Qb3 Qd7+ 39. Kh2 b5 40. Qc3 Qc7 41. b4 axb4 42. axb4 c4 43. dxc4 Qxc4 44. Qd2 g5 45. Qd7+ Kg6 46. Qe8+ Kf5 47. Qd7+ 1/2-1/2

[Event "Rewal op-B 14th"]
[Site "Rewal"]
[Date "2009.08.23"]
[Round "4"]
[White "Madej, Pawel"]
[Black "Miechowicz, Witold"]
[Result "1/2-1/2"]
[WhiteElo "1655"]
[BlackElo "1979"]
[PlyCount "67"]
[EventDate "2009.08.20"]
[EventType "swiss"]
[EventRounds "9"]
[EventCountry "POL"]
[SourceTitle "EXT 2011"]
[Source "ChessBase"]
[SourceDate "2010.11.26"]
[SourceVersion "1"]
[SourceVersionDate "2010.11.26"]
[SourceQuality "1"]

1. e4 e5 2. Nf3 Nf6 3. Nxe5 d6 4. Nf3 Nxe4 5. d3 Nf6 6. Bf4 Be7 7. d4 Bf5 8. Bd3 Bxd3 9. Qxd3 0-0 10. 0-0 d5 11. Nbd2 Nc6 12. c3 Re8 13. Rfe1 b6 14. Nf1 Nh5 15. Bg3 g6 16. Ne5 Nxg3 17. Nxg3 Nxe5 18. Rxe5 Bd6 19. Re2 c6 20. b3 h5 21. Rae1 Rxe2 22. Rxe2 Qg5 23. c4 Kg7 24. h3 Kf8 25. c5 Bf4 26. b4 Re8 27. Rxe8+ Kxe8 28. a4 Bxg3 29. fxg3 Qc1+ 30. Kh2 Qb2 31. Qe3+ Kf8 32. Qe5 Qxb4 33. Qh8+ Ke7 34. Qe5+ 1/2-1/2

[Event "Pilzno Omega Cup 5th"]
[Site "Pilzno"]
[Date "2009.05.01"]
[Round "4.7"]
[White "Madej, Pawel"]
[Black "Markiewicz, Mateusz"]
[Result "0-1"]
[WhiteElo "1682"]
[BlackElo "1984"]
[PlyCount "56"]
[EventDate "2009.04.30"]
[EventType "swiss"]
[EventRounds "7"]
[EventCountry "POL"]
[SourceTitle "EXT 2023"]
[Source "ChessBase"]
[SourceDate "2022.10.05"]
[SourceVersion "1"]
[SourceVersionDate "2022.10.05"]
[SourceQuality "1"]

1. e4 c5 2. Nc3 d6 3. g3 e5 4. Bg2 Nc6 5. d3 Nge7 6. f4 f5 7. exf5 Nxf5 8. Bxc6+ bxc6 9. fxe5 dxe5 10. Nf3 Bd6 11. 0-0 0-0 12. Ne4 h6 13. c3 Ba6 14. g4 Ne7 15. Be3 Nd5 16. Bxc5 Bxc5+ 17. Nxc5 Qb6 18. b4 Ne3 19. Qb3+ Kh8 20. Nxe5 Rxf1+ 21. Rxf1 Nxf1 22. Kxf1 Qc7 23. Ncd7 Bxd3+ 24. Kf2 Re8 25. Nxd3 Qxd7 26. Qc4 Rf8+ 27. Kg2 Qd5+ 28. Qxd5 cxd5 0-1

[Event "Pilzno Omega Cup 5th"]
[Site "Pilzno"]
[Date "2009.04.30"]
[Round "1.7"]
[White "Madej, Pawel"]
[Black "Jelen, Janusz"]
[Result "1/2-1/2"]
[WhiteElo "1682"]
[BlackElo "1966"]
[PlyCount "51"]
[EventDate "2009.04.30"]
[EventType "swiss"]
[EventRounds "7"]
[EventCountry "POL"]
[SourceTitle "EXT 2023"]
[Source "ChessBase"]
[SourceDate "2022.10.05"]
[SourceVersion "1"]
[SourceVersionDate "2022.10.05"]
[SourceQuality "1"]

1. e4 c6 2. d4 d5 3. exd5 cxd5 4. c4 Nc6 5. c5 e5 6. Be3 Nf6 7. dxe5 Ng4 8. Nf3 Nxe3 9. fxe3 Bxc5 10. Nc3 Be6 11. Qd2 d4 12. exd4 Nxd4 13. Nxd4 Qh4+ 14. g3 Qxd4 15. Bb5+ Kf8 16. 0-0-0 Qxd2+ 17. Kxd2 Ke7 18. Kc2 a6 19. Bd3 Rac8 20. Be4 Rc7 21. Kb1 Rd8 22. Nd5+ Bxd5 23. Bxd5 Rcd7 24. Bb3 Rxd1+ 25. Rxd1 Rxd1+ 26. Bxd1 1/2-1/2

[Event "Kreznica Jara-ch"]
[Site "Kreznica Jara"]
[Date "2009.02.14"]
[Round "2.9"]
[White "Madej, Pawel"]
[Black "Harazinska, Ewa"]
[Result "0-1"]
[WhiteElo "1682"]
[BlackElo "1717"]
[PlyCount "128"]
[EventDate "2009.02.13"]
[EventType "swiss"]
[EventRounds "5"]
[EventCountry "POL"]
[SourceTitle "EXT 2023"]
[Source "ChessBase"]
[SourceDate "2022.10.05"]
[SourceVersion "1"]
[SourceVersionDate "2022.10.05"]
[SourceQuality "1"]

1. e4 e5 2. Nf3 Nf6 3. Nxe5 d6 4. Nf3 Nxe4 5. d3 Nf6 6. g3 Be7 7. Bg2 0-0 8. 0-0 Nc6 9. Nc3 Bg4 10. Be3 Qd7 11. Qd2 h6 12. d4 Rfe8 13. a3 a5 14. Qd3 Bf8 15. Nd2 Rab8 16. Nde4 Nh7 17. Rac1 Bf5 18. Qd1 b5 19. Nd2 b4 20. Nd5 bxa3 21. bxa3 Ne7 22. Nc4 Nxd5 23. Bxd5 Bh3 24. Re1 Nf6 25. Bf3 d5 26. Ne5 Qa4 27. Qd3 Qxa3 28. c3 Ra8 29. Ra1 Qd6 30. Bf4 Qe6 31. Re2 Bf5 32. Qb5 Qb6 33. Qc6 Qxc6 34. Nxc6 Rxe2 35. Bxe2 a4 36. Bb5 a3 37. Ne5 Ne4 38. Bd3 Bh3 39. c4 Bb4 40. Bxe4 dxe4 41. Bc1 a2 42. Bb2 e3 43. g4 e2 44. Nd3 Bd2 45. f3 Bf1 46. Kf2 f6 47. d5 Kf7 48. h4 g5 49. h5 Ke7 50. c5 Ra6 51. Bd4 Ra8 52. Bb2 Ra7 53. d6+ cxd6 54. cxd6+ Kxd6 55. Bxf6 Kd5 56. Bg7 Ra6 57. f4 gxf4 58. g5 hxg5 59. h6 g4 60. h7 Be3+ 61. Ke1 Rb6 62. Bb2 Rxb2 63. Nxb2 f3 64. Nd3 g3 0-1

[Event "POL-ch PL+LU U11"]
[Site "Augustow"]
[Date "2007.10.11"]
[Round "6.7"]
[White "Madej, Pawel"]
[Black "Galewski, Piotr"]
[Result "1/2-1/2"]
[WhiteElo "1600"]
[BlackElo "1400"]
[PlyCount "66"]
[EventDate "2007.10.08"]
[EventType "swiss"]
[EventRounds "9"]
[EventCountry "POL"]
[SourceTitle "EXT 2023"]
[Source "ChessBase"]
[SourceDate "2022.10.05"]
[SourceVersion "1"]
[SourceVersionDate "2022.10.05"]
[SourceQuality "1"]

1. e4 e5 2. Nf3 Nc6 3. Bb5 a6 4. Ba4 Nf6 5. 0-0 Bc5 6. Re1 0-0 7. c3 d5 8. exd5 Qxd5 9. Bxc6 Qxc6 10. Nxe5 Qb6 11. d4 Bd6 12. c4 Rd8 13. Nf3 Bg4 14. Re3 Bc5 15. Qc2 Bxd4 16. Re2 Re8 17. Nxd4 Qxd4 18. Be3 Qe4 19. Qxe4 Rxe4 20. f3 Bxf3 21. gxf3 Rxc4 22. Nc3 Re8 23. Kf2 Rc6 24. Rd1 Rce6 25. Bg5 Rxe2+ 26. Nxe2 h6 27. Bxf6 gxf6 28. Nc3 Kg7 29. Kg3 Kg6 30. Kg4 Re5 31. h4 h5+ 32. Kg3 Rc5 33. Rd5 Rc4 1/2-1/2

[Event "POL-ch PL+LU U11"]
[Site "Augustow"]
[Date "2007.10.10"]
[Round "3.7"]
[White "Madej, Pawel"]
[Black "Lada, Michal"]
[Result "0-1"]
[WhiteElo "1600"]
[BlackElo "1600"]
[PlyCount "48"]
[EventDate "2007.10.08"]
[EventType "swiss"]
[EventRounds "9"]
[EventCountry "POL"]
[SourceTitle "EXT 2023"]
[Source "ChessBase"]
[SourceDate "2022.10.05"]
[SourceVersion "1"]
[SourceVersionDate "2022.10.05"]
[SourceQuality "1"]

1. e4 e5 2. Nf3 Nc6 3. Bb5 a6 4. Ba4 Bc5 5. Nc3 d6 6. d4 exd4 7. Nxd4 Bd7 8. Nxc6 Bxc6 9. Bxc6+ bxc6 10. 0-0 Ne7 11. Re1 Ng6 12. Be3 Bb4 13. Qd3 Ne5 14. Qd4 c5 15. Qd5 c6 16. Qd2 Nc4 17. Qd3 Nxb2 18. Qd2 Na4 19. Bxc5 Nxc5 20. Re3 Na4 21. e5 0-0 22. exd6 Bxc3 23. Rxc3 Nxc3 24. Qxc3 Qxd6 0-1

[Event "POL-ch PL+LU U11"]
[Site "Augustow"]
[Date "2007.10.09"]
[Round "1.5"]
[White "Gorbacz, Filip"]
[Black "Madej, Pawel"]
[Result "1-0"]
[WhiteElo "1800"]
[BlackElo "1600"]
[PlyCount "73"]
[EventDate "2007.10.08"]
[EventType "swiss"]
[EventRounds "9"]
[EventCountry "POL"]
[SourceTitle "EXT 2023"]
[Source "ChessBase"]
[SourceDate "2022.10.05"]
[SourceVersion "1"]
[SourceVersionDate "2022.10.05"]
[SourceQuality "1"]

1. e4 e5 2. Nf3 Nc6 3. Bb5 Nf6 4. d4 exd4 5. Nxd4 Bc5 6. Nxc6 bxc6 7. Bd3 0-0 8. Bg5 Be7 9. 0-0 Nxe4 10. Bxe7 Qxe7 11. Re1 Qb4 12. Rxe4 Qxb2 13. Nd2 d5 14. Re7 Qb6 15. Rb1 Qa5 16. Qh5 g6 17. Qd1 Be6 18. Nb3 Qb6 19. Qf3 c5 20. Nd2 Qd6 21. Qf6 Rfc8 22. Nf3 Kf8 23. Ng5 Rab8 24. Nxe6+ Qxe6 25. Rxe6 Rxb1+ 26. Bf1 Kg8 27. Re7 Rf8 28. Rxc7 Rb6 29. Qe5 Re6 30. Qxd5 Re1 31. Rxa7 Re6 32. Qxc5 Re1 33. g3 Re6 34. Kg2 Rf6 35. Re7 Re6 36. Rc7 Rfe8 37. Rc8 1-0